| 000 | 01277nam a2200313Ia 4500 | ||
|---|---|---|---|
| 001 | ebr10622448 | ||
| 003 | CaPaEBR | ||
| 006 | m u | ||
| 007 | cr cn||||||||| | ||
| 008 | 000426s2000 scuab sb s001 0 eng d | ||
| 010 | _z 00030289 | ||
| 020 | _z9781611171259 | ||
| 020 | _z9781570033582 | ||
| 040 |
_aCaPaEBR _cCaPaEBR |
||
| 035 | _a(OCoLC)823170200 | ||
| 043 | _an-us-sc | ||
| 050 | 1 | 4 |
_aE477.75 _b.L82 2000eb |
| 100 | 1 |
_aLucas, Marion Brunson, _d1935- |
|
| 245 | 1 | 0 |
_aSherman and the burning of Columbia _h[electronic resource] / _cMarion Brunson Lucas ; foreword by Bell I. Wiley. |
| 260 |
_aColumbia, S.C. : _bUniversity of South Carolina Press, _cc2000. |
||
| 300 |
_a188 p. : _bill., maps. |
||
| 504 | _aIncludes bibliographical references and index. | ||
| 533 |
_aElectronic reproduction. _bPalo Alto, Calif. : _cebrary, _d2011. _nAvailable via World Wide Web. _nAccess may be limited to ebrary affiliated libraries. |
||
| 600 | 1 | 0 |
_aSherman, William T. _q(William Tecumseh), _d1820-1891. |
| 651 | 0 |
_aColumbia (S.C.) _xHistory _yBurning, 1865. |
|
| 655 | 7 |
_aElectronic books. _2local |
|
| 710 | 2 | _aebrary, Inc. | |
| 856 | 4 | 0 |
_uhttp://site.ebrary.com/lib/rucke/Doc?id=10622448 _zAn electronic book accessible through the World Wide Web; click to view |
| 999 |
_c56231 _d56231 |
||